| 000 | 00431nam a22001697a 4500 | ||
|---|---|---|---|
| 003 | CEME | ||
| 005 | 20210628203354.0 | ||
| 008 | 210126b xxu||||| |||| 00| 0 eng d | ||
| 040 | _c. | ||
| 082 | _a620.1126 AKH | ||
| 100 |
_aEngineer Akhtar Ali _965040 |
||
| 245 | _aHydraulics and hydraulic machines | ||
| 260 |
_aLAHORE _bBABAR _c2010 |
||
| 300 | _a191P | ||
| 650 |
_aHYDRAULICS.HYDRAULIC MACHINES. _965041 |
||
| 942 |
_cBK _2ddc |
||
| 999 |
_c573364 _d573364 |
||